000 01512nam a2200253Ia 4500
999 _c53413
_d53413
001 20456
003 GE_BSU
005 20230508123137.0
008 181216s1980||||ge |||||||||||||| ||geo||
040 _cGE_BSU
041 _ageo
080 _a913.1(479.22) მ-92
100 _aმუსხელიშვილი, დ.
_93201
245 _aსაქართველოს ისტორიული გეოგრაფიის ძირითადი საკითხები:
_bნაწ. 2 /
_cდ. მუსხელიშვილი; ივ. ჯავახიშვილის სახ. ისტორიის, არქეოლოგიისა და ეთნოგრაფიის ინ-ტი.
264 _aთბილისი :
_bმეცნიერება,
_c1980.
300 _a274 გვ. ;
_b22 სმ.
501 _a საძიებელი: გვ.254-27 დანართი: 3 დაკ. ფ. რუკა.3.
520 _a რეზ. რუს.
653 _aსაქართველოს ისტორიული გეოგრაფია
700 _aბერძენიშვილი, მ.
_eრედაქტორი
_918011
700 _aხმალაძე, ვ.
_eმხატვარი
_918022
710 _aივ. ჯავახიშვილის სახ. ისტორიის, არქეოლოგიისა და ეთნოგრაფიის ინსტიტუტი.
_918023
942 _cQSR
_2udc